El discurso pedagogico en la escuela secundaria /

Guardado en:
Autor Principal: Del Rio Hevel Nora
Formato: Libro
Publicado: Buenos Aires : Sociedad Argentina de Ling¡stica, 1998
Etiquetas: Agregar Etiqueta
Sin Etiquetas, Sea el primero en etiquetar este registro!
LEADER 00442nam a22001455a 4500
001 CEM.cems009971
005 20060214000000.0
008 130507s1998##################000#0#####d
003 CEMS
082 0 4 |a F373 
100 1 |a Del Rio Hevel Nora 
245 1 0 |a El discurso pedagogico en la escuela secundaria / 
260 |a Buenos Aires :  |b Sociedad Argentina de Ling¡stica,  |c 1998 
300 |a 38 p.1 
859 |a CEMS  |b BIB. CEMS - 11 de abril  |h F373  |i 2  |p 1615.44  |t Ej.1